00285nam a22000977a 4500008004100000050002400041100002600065245006100091260002500152300001000177161122b xxu||||| |||| 00| 0 eng d aDG 734.23 .L57 1999 aListri,Massimo.d1999 aHidden tuscany:bunusual destinations and secret places. aNY:bRizzoli,c1999. a191p.